Carregant...

ഇ.എം .എസ്സിന്റെ ആത്മീയ ലോകം (E.M.Esinte athmeeya lokam)

Dades bibliogràfiques
Autor principal: അപ്പുക്കുട്ടൻ നായർ,ജി.വി (Appukkuttan Nair,G.V)
Format: Printed Book
Publicat: Kottayam Sahithya Pravarthaka Sahakarana Sangham 2009
Matèries:
LEADER 00652nam a22001337a 4500
999 |c 40485  |d 40485 
082 |a M923.2  |b APP/E 
100 |a അപ്പുക്കുട്ടൻ നായർ,ജി.വി (Appukkuttan Nair,G.V) 
245 |a ഇ.എം .എസ്സിന്റെ ആത്മീയ ലോകം (E.M.Esinte athmeeya lokam) 
260 |a Kottayam  |b Sahithya Pravarthaka Sahakarana Sangham  |c 2009 
300 |a 187p. 
650 |a EMS Namboothirippad-Political ideology  |a Communist leader-Marxism  |a kerala politics-communism 
942 |c BK 
952 |0 0  |1 0  |4 0  |6 M_923_200000000000000_APP_E  |7 0  |9 43408  |a KUCL  |c M  |d 2016-07-08  |l 0  |o M923.2 APP/E  |p 34802  |r 2016-07-08  |y BK